| 000 | 01348nam a22002417a 4500 | ||
|---|---|---|---|
| 999 |
_c60447 _d60447 |
||
| 003 | Ge_BSU | ||
| 005 | 20230720110350.0 | ||
| 008 | 230720s2020ge xxu||||| |||| 00| 0 geo d | ||
| 020 | _a9789941493348 | ||
| 041 | _ageo | ||
| 080 | _a159.937.1 ი-47 | ||
| 100 |
_aიმედაძე, ირაკლი, ავტორი. _919455 |
||
| 245 |
_aდისკუსიები განწყობის ზოგადფსიქოლოგიური თეორიის გარშემო / _cირაკლი იმედაძე ; რედ. რამაზ საყვარელიძე. |
||
| 264 |
_aთბილისი : _b საარი, _c 2021. |
||
| 300 |
_a180 გვ. ; _b 20 სმ. |
||
| 504 | _aბიბლიოგრაფია: გვ. 167-179. | ||
| 653 | _aგანწყობის თეორია. | ||
| 653 | _aფსიქოლოგია | ||
| 700 |
_aსაყვარელიძე, რამაზ _eრედაქტორი _92792 |
||
| 710 |
_aთბილისის სახელმწ. სამედიცინო უნივერსიტეტი, ფსიქოლოგიური განწყობის კვლევის და კორექციის ცენტრი. _919456 |
||
| 773 | _tნაჩუქარი | ||
| 942 |
_2udc _cBK |
||